Statystyki dla Angielskie słówka 3

Kliknij tutaj aby rozwiązać quiz!

Ogólne statystyki

  • Ten quiz został rozwiązany 204 razy
  • Średni wynik to 13 z 24

Statystyki odpowiedzi

WarzywoPolski odpowiednik% Poprawnych
CarrotMarchew
97%
PotatoZiemniak
97%
OnionCebula
96%
BroccoliBrokuł
93%
SpinachSzpinak
92%
BeanFasola
88%
CelerySeler
85%
LettuceSałata
81%
CauliflowerKalafior
74%
Brussel sproutsBrukselka
72%
AsparagusSzparagi
68%
BeetrootBurak
62%
CabbageKapusta
62%
PeaGroch
45%
RadishRzodkiewka
45%
CourgetteCukinia
35%
LeekPor
32%
ChicoryCykoria
24%
TurnipRzepa
16%
ArtichokeKarczoch
12%
ParsnipPasternak
9%
SwedeBrukiew
4%
MarrowSzpik
4%
WatercressRzeżucha
2%

Rozkład punktacji

Percentyl według liczby udzielonych odpowiedzi

Procent ludzi z każdym wynikiem

Twoja historia wyników

Nie rozwiązałeś tego quizu